00311 2200133 4500001002100000005001500021035002000036245004400056260003300100082000800133084001200141990001200153990001200165INLIS00000000000260220250605022347 a0010-0625000188 aTrik-Trik Berhitung /cEdward H. Julius aBandung :bPakar Raya,c1992 a510 a510 TRI a0320345 a0320346